Normal view
MARC view
- Lloyds Banking Group
Entry Corporate Name
001 - CONTROL NUMBER
- control field: 5822
003 - CONTROL NUMBER IDENTIFIER
- control field: SIRSI
005 - DATE AND TIME OF LATEST TRANSACTION
- control field: 20190806150246.0
008 - FIXED-LENGTH DATA ELEMENTS
- fixed length control field: 100120n| acannaabn |n ana d
040 ## - CATALOGING SOURCE
- Original cataloging agency: OSt
- Transcribing agency: OSt
110 2# - HEADING--CORPORATE NAME
- Corporate name or jurisdiction name as entry element: Lloyds Banking Group
670 ## - SOURCE DATA FOUND
- Source citation: The UK Housing market over the past 50 years, 2010